The Monty Python(and the Quest for the Holy Grail) Quiz #1 - Statistics

General Stats
  • This quiz has been taken 79 times
  • The average score is 17 of 45
Answer Stats
Hint Answer % Correct
2 halves of these items and you almost sound like a horse. What are those items coconuts
91%
what happened to those responsible for the strange subtitles?(They were _) sacked
86%
What was the first injury dealt to the Black Knight? (Loss of what limb) left arm
84%
How many almost dead were also gotten rid of with the dead? 1
79%
and therefore... a witch
75%
What happened to those responsible for sacking those responsible for the strange subtitles?(They were_) sacked
75%
complete the epithet: Sir Lancelot the _ Brave
66%
What animal makes its appearance in the opening credits?(The majestic _) moose
66%
What were the knights who wanted a shrubbery?(The knights who say _) Ni
63%
What was the response from the Black Knight? Tis but a scratch
61%
And apart from that? wood
59%
To what number should they count before releasing such weapon? 3
54%
Wood floats. What else does? ducks
54%
What is the air speed velocity of an unladen swallow? African or European?
52%
What weapon is used to defeat the beast? The Holy Hand Grenade
50%
How many questions do the knights have to answer to cross the bridge? 3
48%
And what did they want a shrubbery
46%
So if she weighs the same as a duck, she's_ _ _ made of wood
46%
What foul beast guards the cave of Caerbannog? a rabbit
43%
What would one burn apart from witches? more witches
43%
What is Lancelot's favorite color blue
39%
Who was the last knight of the round table( Sir_) Not Appearing in this film
39%
complete the epithet: Sir Galahad the _ Pure
38%
What word could those knights not hear? it
36%
What do the knights attempt to use to enter a French Castle?(A _ _) trojan rabbit
34%
How much did it cost to get rid of your dead? 9 pence
32%
What was the shape the Earth was believed to be?(_-_) banana-shaped
29%
And how do they count? (_, _, _, _) 1253
27%
What happens to King Arthur and his knights? (They were _) arrested
25%
Who suffers a fatal heart attack to save the knights? (the_) animator
23%
What did the Knight say to King Arthur when Arthur departs? (I'll_ _ _ _) bite your legs off
23%
What is Galahad's favorite color? Yellow
23%
What scene is the bridge-keeper from? (Scene _) 24
20%
What is the capital of Assyria? I don't know that
20%
What is the air speed velocity of an unladen swallow? African or European
16%
What book do they consult to discover how to use such weapon(The book of _) Armaments
14%
Who finds it first? (The _) French
14%
complete the epithet: Sir Robin the _ Not Quite so Brave as Sir Lancelot
14%
To what is the response? I don't know that
13%
What Castle does King Arthur find? (The Castle of _) Aargh
7%
Why was that? (there wasn't any _ _) end credits
5%
What was another one of his famous quotes? Tis just a flesh wound
5%
What adjective fits his naming? aptly
4%
Who was forgotten in the end credits? nobody
4%
What were they the keepers of? (the words _, _, and _) Ni, Peng, Neewom
2%
No matching quizzes found
Score Distribution
Percent of People with Each Score
Percentile by Number Answered
Your Score History
You have not taken this quiz